Electronic properties
Bewaard in:
| Hoofdauteur: | |
|---|---|
| Andere auteurs: | , |
| Formaat: | Boek |
| Taal: | English |
| Gepubliceerd in: |
New York, New York : Willey,
1967.
|
| Reeks: | The Structure and properties of materials ; v. 4
|
| Onderwerpen: | |
| Tags: |
Voeg label toe
Geen labels, Wees de eerste die dit record labelt!
|
MARC
| LEADER | 00000nam a2200000Ia 4500 | ||
|---|---|---|---|
| 003 | 000441 | ||
| 005 | 20221231143942.0 | ||
| 008 | 140114s1966 nyua 000 ||eng d | ||
| 040 | |c cru CEDI | ||
| 082 | |a 531 R797e | ||
| 100 | |a Rose, Robert M. |9 19804 | ||
| 245 | |a Electronic properties | ||
| 260 | |a New York, New York : Willey, |c 1967. | ||
| 300 | |a 306 páginas : ilustraciones ; 22 cm | ||
| 440 | |a The Structure and properties of materials ; v. 4 |9 19805 | ||
| 650 | |x MATERIA - PROPIEDADES |9 19806 | ||
| 700 | |9 19803 |a Shepard, Lawrence A. | ||
| 700 | |a Wulff, John, n. 1903 |9 19807 | ||
| 942 | |2 ddc |c BK | ||
| 999 | |c 14709 |d 14709 | ||
